न गोपी न राधा / (Record no. 121702)

MARC details
000 -LEADER
fixed length control field 01108nam a22002777a 4500
003 - CONTROL NUMBER IDENTIFIER
control field dpl
005 - DATE AND TIME OF LATEST TRANSACTION
control field 20180818122834.0
008 - FIXED-LENGTH DATA ELEMENTS--GENERAL INFORMATION
fixed length control field 180818b xxu||||| |||| 00| 0 eng d
010 ## - LIBRARY OF CONGRESS CONTROL NUMBER
LC control number A-982179
020 ## - INTERNATIONAL STANDARD BOOK NUMBER
Terms of availability 350.00
International Standard Book Number 8173152861
035 ## - SYSTEM CONTROL NUMBER
System control number A-982179, A-982184
037 ## - SOURCE OF ACQUISITION
Source of stock number/acquisition Cen Lib/Ret
040 ## - CATALOGING SOURCE
Original cataloging agency DPL
Language of cataloging HN
Transcribing agency 0
082 ## - DEWEY DECIMAL CLASSIFICATION NUMBER
Classification number
Item number भटना
100 ## - MAIN ENTRY--PERSONAL NAME
Personal name भटनागर, राजेंद्र मोहन
9 (RLIN) 44709
245 ## - TITLE STATEMENT
Title न गोपी न राधा /
Statement of responsibility, etc राजेंद्र मोहन भटनागर
246 ## - VARYING FORM OF TITLE
Title proper/short title Na gopi na radha /
Remainder of title by Rajendra Mohan Bhatnagar
260 ## - PUBLICATION, DISTRIBUTION, ETC. (IMPRINT)
Place of publication, distribution, etc नई दिल्ली
Name of publisher, distributor, etc प्रभात प्रकाशन
Date of publication, distribution, etc 1999
270 ## - ADDRESS
City नई दिल्ली
Address 4/19, आसफ अली रोड
Postal code 110002
300 ## - PHYSICAL DESCRIPTION
Extent 467पृ.
Dimensions 20सेमी(सजिल्द)
650 ## - SUBJECT ADDED ENTRY--TOPICAL TERM
Topical term or geographic name as entry element हिन्दी -- साहित्य
9 (RLIN) 100370
650 ## - SUBJECT ADDED ENTRY--TOPICAL TERM
Topical term or geographic name as entry element हिन्दी -- उपन्यास
9 (RLIN) 100371
650 ## - SUBJECT ADDED ENTRY--TOPICAL TERM
Topical term or geographic name as entry element Hindi literature
9 (RLIN) 100372
650 ## - SUBJECT ADDED ENTRY--TOPICAL TERM
Topical term or geographic name as entry element Hindi - Novel
9 (RLIN) 100373
942 ## - ADDED ENTRY ELEMENTS (KOHA)
Source of classification or shelving scheme Dewey Decimal Classification
Koha item type Hindi Books
Classification part
Call number suffix भटना
Holdings
Withdrawn status Lost status Damaged status Not for loan Home library Current library Date acquired Source of acquisition Cost, normal purchase price Total Checkouts Full call number Barcode Date last seen Date checked out Copy number Cost, replacement price Price effective from Koha item type Source of classification or shelving scheme Collection code
        Central Library Central Library 12/10/2015 Cen Lib/Ret 350.00 2 उ भटना A-982179 02/12/2023 25/11/2023 1 350.00 12/10/2015 Hindi Books    
        Patel Nagar Patel Nagar 18/08/2018 BPPD/PUB 350.00 2 उ भटना A-982184 04/05/2026 27/04/2026   350.00 18/08/2018 Hindi Books Dewey Decimal Classification Fiction

© Delhi Public Library
Hit Counter
free hit counter